Bioinformatics: Methods, tools and applications (Record no. 395200)

MARC details
000 -LEADER
fixed length control field 00517 a2200193 4500
005 - DATE & TIME
control field 20260202164230.0
008 - FIXED-LENGTH DATA ELEMENTS--GENERAL INFORMATION
fixed length control field 260202b |||||||| |||| 00| 0 eng d
020 ## - ISBN
International Standard Book Number 9789363461772
Price Rs. 3550.00
040 ## - CATALOGING SOURCE
Original cataloging agency VIVEKANANDA LIBRARY
082 ## - DDC NUMBER
Classification number 572.8
Book Number J251B
100 ## - MAIN ENTRY--PERSONAL NAME
Personal name Janakiraman, N
245 ## - TITLE STATEMENT
Title Bioinformatics: Methods, tools and applications
260 ## - PUBLICATION, DISTRIBUTION, ETC. (IMPRINT)
Name of publisher, distributor, etc Scientific Publishers
Date of publication, distribution, etc 2025
Place of publication, distribution, etc New Delhi
300 ## - PHYSICAL DESCRIPTION
Pages xxi, 297
650 ## - Subject
Subject Bioinformatics
650 ## - Subject
Subject Life Sciences
650 ## - Subject
Subject Biochemistry
942 ## - ADDED ENTRY ELEMENTS (KOHA)
Koha item type Books
Holdings
Withdrawn status Lost status Source of classification or shelving scheme Damaged status Not for loan Location (home branch) Sublocation or collection (holding branch) Shelving location Date acquired Koha issues (times borrowed) Koha full call number Accession No. Koha date last seen Koha item type
    Dewey Decimal Classification     VIVEKANANDA LIBRARY VIVEKANANDA LIBRARY Vivekananda Library 06/01/2026 1 572.8 J251B 444120 18/03/2026 Books
© Designed and Maintained by Vivekananda Library, MDU Rohtak